[Event "PCA/Intel-GP"]
[Site "New York"]
[Date "1995.??.??"]
[Round "1"]
[White "Ivanchuk, Vassily"]
[Black "Hjartarson, Johann"]
[Result "1/2-1/2"]
[WhiteElo "2700"]
[BlackElo "2590"]

1.e4 c5 2.Nf3 e6 3.d4 cxd4 4.Nxd4 Nc6 5.Nc3 Qc7 6.Be2 a6 7.O-O Nf6 8.Kh1 Nxd4
9.Qxd4 Bc5 10.Qd3 b5 11.f4 Bb7 12.Bf3 O-O 13.e5 Ne8 14.Bxb7 Qxb7 15.f5 f6
16.Bf4 Be7 17.Rae1 fxe5 18.Bxe5 Rc8 19.fxe6 Rxf1+ 20.Rxf1 dxe6 21.Ne2 Nf6
22.Nf4 Qc6 23.c3 Rd8 24.Qe2 Qe4 25.Qxe4 Nxe4 26.Nxe6 Rd2 27.Nxg7 Bc5 28.Ne6 Nf2+
29.Kg1 Nh3+ 30.Kh1 Nf2+ 31.Kg1  1/2-1/2

[Event "New York op"]
[Site "New York"]
[Date "1995.??.??"]
[Round "7"]
[White "Svidler, Peter"]
[Black "Zapata, Alonso"]
[Result "1-0"]
[WhiteElo "2585"]
[BlackElo "2535"]

1.e4 c5 2.Nf3 e6 3.d4 cxd4 4.Nxd4 Nc6 5.Nc3 a6 6.f4 Nge7 7.Nf3 Ng6 8.Be3 Qc7
9.Qd2 b5 10.h4 h5 11.O-O-O Be7 12.e5 Bb7 13.Ng5 f5 14.exf6 gxf6 15.f5 Nf8
16.Nf3 Rc8 17.Kb1 Na5 18.Qf2 Nc4 19.Bxc4 Qxc4 20.Rd4 Qc6 21.fxe6 dxe6 22.Rhd1 Rd8
23.Rxd8+ Bxd8 24.Rxd8+ Kxd8 25.Nd4  1-0

[Event "New York op"]
[Site "New York"]
[Date "1995.??.??"]
[Round "8"]
[White "Garcia, Gildardo"]
[Black "Zamora, Jorge"]
[Result "1-0"]
[WhiteElo "2520"]
[BlackElo "2375"]

1.e4 c5 2.Nc3 Nc6 3.Nge2 e6 4.d4 cxd4 5.Nxd4 Nf6 6.Ndb5 d6 7.Bf4 e5 8.Bg5 a6
9.Na3 Be6 10.Bxf6 gxf6 11.Nd5 Rc8 12.c3 Bg7 13.Nc4 b5 14.Nce3 Ne7 15.Nxe7 Kxe7
16.Bd3 Bh6 17.Ng4 Bxg4 18.Qxg4 Qg8 19.Qh3 Qg5 20.O-O Rc7 21.Rfd1 Rb8 22.a3 a5
23.Bf1 Rb6 24.Rd5 b4 25.axb4 axb4 26.Bb5 bxc3 27.bxc3 f5 28.exf5 Kf6 29.c4 Bf8
30.Qe3 Qxf5 31.f4 Ke6 32.fxe5 dxe5 33.Rf1 Qg5 34.h4 Qh5 35.Qh3+ f5 36.Qe3  1-0

[Event "Nikolaev zt"]
[Site "Nikolaev"]
[Date "1995.??.??"]
[Round "2"]
[White "Stripunsky, Alexander"]
[Black "Brodsky, Michail"]
[Result "1/2-1/2"]
[WhiteElo "2495"]
[BlackElo "2535"]

1.e4 c5 2.Nf3 e6 3.d4 cxd4 4.Nxd4 Nc6 5.Nc3 a6 6.Be3 Nf6 7.Bd3 d5 8.exd5 exd5
9.Qd2 Bd6 10.h3 O-O 11.O-O-O Qc7 12.Kb1 Be5 13.Nce2 Ne4 14.Bxe4 dxe4 15.Nxc6 Qxc6
16.Bd4 Bc7 17.Bc3 Be6 18.Nd4 Qd5 19.Nxe6 Qxe6 20.Qd7 Bb6 21.Qxe6 fxe6 22.Rd7 Rf7
23.Rxf7 Kxf7 24.Re1 Rd8 25.a4 Bxf2 26.Rxe4 Rd5 27.Rf4+ Rf5 28.Rb4 b6 29.Rc4 Rc5
30.Rf4+ Rf5 31.Rc4 Rc5 32.Rxc5 bxc5 33.Ka2 g6 34.Kb3 Ke7 35.Be5 Kd7 36.Kc4 Kc6
37.b3 Bh4 38.c3 Be7 39.Bf4 Bf6 40.Be3 Be7 41.b4 cxb4 42.cxb4 Bd6 43.g4 Be7
44.b5+ axb5+ 45.axb5+ Kd7 46.Kd4 Bd6 47.Ke4 Bg3 48.Bf4 Be1 49.Bh2 Ba5 50.Bg3 Bd2
51.Kd4 Bc1 52.Bh2 Ba3 53.Bf4 Bf8 54.Kc4 Be7 55.Kd3 Bc5 56.Ke4 Bb4 57.Be5 Be1
58.Kd4 Bf2+ 59.Kc4 Be3 60.Bd4 Bf4 61.Kc5 Kc7 62.Bf2 Bd6+ 63.Kc4 Kd7 64.Kd4 Kc7
65.Ke4 Kd7 66.Be3 Bg3 67.Bf4 Be1 68.Kd4 Bb4 69.b6 Kc6 70.Bc7 Be7 71.Ke5 Kd7
72.Bb8 Bh4 73.Kf4 Bd8 74.Ba7 Kc8 75.Ke5 Kb7 76.Kxe6 h5 77.Kf7 hxg4 78.hxg4 g5
79.Ke6 Kc6 80.b7 Kxb7 81.Bd4 Kc6 82.Bf6  1/2-1/2

[Event "Nikolaev zt"]
[Site "Nikolaev"]
[Date "1995.??.??"]
[Round "6"]
[White "Guliev, Logman"]
[Black "Milov, Leonid"]
[Result "1-0"]
[WhiteElo "2345"]
[BlackElo "2525"]

1.e4 c5 2.Nf3 e6 3.d4 cxd4 4.Nxd4 Nc6 5.Nc3 a6 6.g3 d6 7.Bg2 Bd7 8.O-O Nf6
9.Nb3 Be7 10.a4 Na5 11.Bg5 Nc4 12.Nd2 Nxb2 13.Qb1 Qa5 14.e5 Qxe5 15.Bxf6 Bxf6
16.Nd5 exd5 17.Re1 O-O 18.Rxe5 Bxe5 19.a5 Bc6 20.Ra3 Rfe8 21.Qa2 Nd1 22.Bf3 Nc3
23.Qb3 Nb5 24.Ra2 Bf6 25.Qd3 Nc3 26.Ra3 Re1+ 27.Kg2 Bb5 28.Qf5 Nb1 29.c4 Nxa3
30.cxb5 Re5 31.Qd7 Re7 32.Qxd6 Nxb5 33.Qxd5 Nd4 34.Be4 Nc6 35.Qf5 Kf8 36.Qxh7 g6
37.Bf3 Nxa5 38.h4 Bg7 39.h5 gxh5 40.Ne4 Nc4 41.Bxh5 a5 42.Ng5 Nd6 43.Qd3 Ra6
44.Bf3 Re5 45.Nh3 b5 46.Bd5 a4 47.Nf4 Bh6 48.Ne2 Bg7 49.Ba2 Rb6 50.Nc3 Rc6
51.Qf3 Rc8 52.Nd5 Rf5 53.Qa3 Rxd5 54.Bxd5 Ke7 55.Qe3+ Kd7 56.Qg5 Bf8 57.Bxf7 Nxf7
58.Qf5+ Kd8 59.Qxf7 Bc5 60.Qd5+ Ke8 61.Qb7 Kd8 62.Qxb5 a3 63.g4 Rc7 64.Qa5 Kd7
65.g5 Kd6 66.Qd2+ Ke7 67.g6 Ke6 68.Qe2+ Kf6 69.Qf3+ Kg7 70.Qc3+ Kg8 71.Qe5 a2
72.Qxc7  1-0

[Event "Nikolaev zt"]
[Site "Nikolaev"]
[Date "1995.??.??"]
[Round "9"]
[White "Golubev, Mihail"]
[Black "Milov, Leonid"]
[Result "1/2-1/2"]
[WhiteElo "2570"]
[BlackElo "2525"]

1.e4 c5 2.Nf3 e6 3.d4 cxd4 4.Nxd4 Nc6 5.Nc3 a6 6.Be3 Nf6 7.Bd3 d5 8.exd5 exd5
9.Qd2 Be7 10.h3 O-O  1/2-1/2

[Event "JUG-ch sf"]
[Site "Nis"]
[Date "1995.??.??"]
[Round "?"]
[White "Kovacevic, Aleksandar"]
[Black "Brajovic, Radovan"]
[Result "1-0"]
[WhiteElo "2425"]
[BlackElo "2340"]

1.e4 c5 2.Nf3 e6 3.d4 cxd4 4.Nxd4 Nc6 5.Nc3 Qc7 6.Be2 a6 7.f4 b5 8.Nxc6 Qxc6
9.Bf3 Bb7 10.Be3 Rc8 11.Qd3 Qc4 12.a3 Qxd3 13.cxd3 Ne7 14.Kd2 Nc6 15.b4 d6
16.d4 Ne7 17.a4 bxa4 18.Rxa4 f5 19.e5 Bxf3 20.gxf3 Nc6 21.b5 axb5 22.Nxb5 dxe5
23.fxe5 Bb4+ 24.Ke2 Kf7 25.Rc1 Be7 26.Rac4 Rb8 27.Nd6+ Bxd6 28.exd6 Rb2+
29.Bd2 Na5 30.R4c2 Rxc2 31.Rxc2 Nb3 32.Rc7+ Kf6 33.Bc3 f4 34.Rb7 Nc1+ 35.Kd2 Na2
36.Ba5  1-0

[Event "JUG-ch sf"]
[Site "Nis"]
[Date "1995.??.??"]
[Round "?"]
[White "Brenjo, Slavisa"]
[Black "Brajovic, Radovan"]
[Result "1-0"]
[WhiteElo "2425"]
[BlackElo "2340"]

1.e4 c5 2.Nf3 e6 3.d4 cxd4 4.Nxd4 Nc6 5.Nc3 Qc7 6.Be3 a6 7.Bd3 Nf6 8.O-O Ne5
9.h3 Bc5 10.Kh1 d6 11.f4 Ned7 12.Qe1 b5 13.Qg3 Bb7 14.a3 g6 15.Rae1 O-O 16.Qg5 Qb6
17.Nce2 Nxe4 18.Bxe4 Bxe4 19.b4 Bxd4 20.Bxd4 f6 21.Bxb6 fxg5 22.Bc7 d5 23.Ng3 Bxc2
24.Rxe6 gxf4 25.Rxf4 Rxf4 26.Bxf4 Kf7 27.Rc6 Be4 28.Rc7 Ke8 29.Ne2 a5 30.bxa5 Rxa5
31.Bd6 Ra6 32.Bb4 Kd8 33.Rc1 Ne5 34.Rf1 Nd3 35.Rf8+ Kd7 36.Rf7+ Ke6 37.Rb7 Nxb4
38.axb4 Ra2 39.Nf4+ Ke5 40.Rf7 g5 41.Nh5 Bxg2+ 42.Kg1 Be4 43.Kf1 Bg6  1-0

[Event "JUG-ch sf"]
[Site "Nis"]
[Date "1995.??.??"]
[Round "?"]
[White "Kovacevic, Aleksandar"]
[Black "Tesic, Dragan"]
[Result "1/2-1/2"]
[WhiteElo "2425"]
[BlackElo "2335"]

1.e4 c5 2.Nf3 e6 3.d4 cxd4 4.Nxd4 Nc6 5.Nc3 a6 6.Be2 Qc7 7.O-O Nf6 8.Kh1 d6
9.f4 Be7 10.Be3 O-O 11.Qe1 Nxd4 12.Bxd4 b5 13.a3 Nd7 14.Qg3 Bf6 15.Rad1 Bb7
16.Bxf6 Nxf6 17.f5 Rad8 18.fxe6 fxe6 19.e5 dxe5 20.Rxd8 Qxd8 21.Qxe5 Qe7
22.Bd3 Nd7 23.Rxf8+ Nxf8 24.h3 Qd7 25.Kg1 Qc6 26.Ne4 Nd7 27.Qd6 h6 28.Kf2 Qb6+
29.Qxb6 Nxb6 30.Nc5 Bc8 31.Ke3 Kf7 32.Kd4 Kf6 33.Ne4+ Ke7 34.Bf1 Nd7 35.c4 e5+
36.Kc3 bxc4 37.Kxc4 Nf6 38.Nc5 Kd6 39.b4 Nd5 40.Kd3 a5 41.Ne4+ Kc6 42.b5+ Kb6
43.Nd6 Bd7 44.Ke4 Nc3+ 45.Kxe5 Nxb5 46.Nc4+ Kc5 47.Nxa5 Nxa3 48.Nb3+ Kb4
49.Nd4 Kc3 50.Nf5 Bxf5 51.Kxf5 Nc2 52.Kg6 Ne3 53.Kxg7 h5 54.Kg6 h4 55.Kg5 Nxf1
56.Kxh4 Kd4 57.Kg5 Ng3 58.h4 Ke5 59.h5 Ne4+ 60.Kg6 Kf4 61.h6 Ng5  1/2-1/2

[Event "JUG-chT"]
[Site "Nis"]
[Date "1995.??.??"]
[Round "?"]
[White "Zontakh, Andrey"]
[Black "Antic, Dejan"]
[Result "1/2-1/2"]
[WhiteElo "2460"]
[BlackElo "2375"]

1.e4 c5 2.Nf3 e6 3.d4 cxd4 4.Nxd4 Nc6 5.Nc3 a6 6.Be3 Nf6 7.Bd3 Qc7 8.O-O Ne5
9.h3 Bc5 10.Kh1 d6 11.f4 Ng6 12.Qd2 O-O 13.Rf3 b5 14.a3 Bb7 15.f5 exf5 16.Nxf5 Bxe3
17.Qxe3 Rae8 18.Qd4 Re6 19.a4 bxa4 20.Rxa4 Ne7 21.Nh6+ Kh8 22.Nf5 Nxf5 23.Rxf5 Rfe8  1/2-1/2

[Event "JUG-ch sf"]
[Site "Nis"]
[Date "1995.??.??"]
[Round "?"]
[White "Marinkovic, Ivan"]
[Black "Marjanovic, Slavoljub"]
[Result "1/2-1/2"]
[WhiteElo "2450"]
[BlackElo "2425"]

1.e4 c5 2.Nf3 e6 3.Nc3 Nc6 4.d4 cxd4 5.Nxd4 Qc7 6.g3 a6 7.Bg2 d6 8.O-O Bd7
9.Nxc6 bxc6 10.Na4 Rb8 11.c4 c5 12.Nc3 Ne7 13.b3  1/2-1/2

[Event "JUG-ch sf"]
[Site "Nis"]
[Date "1995.??.??"]
[Round "?"]
[White "Marinkovic, Ivan"]
[Black "Tosic, Miroslav"]
[Result "1/2-1/2"]
[WhiteElo "2450"]
[BlackElo "2420"]

1.e4 c5 2.Nf3 Nc6 3.Nc3 e6 4.d4 cxd4 5.Nxd4 d6 6.g3 Nf6 7.Bg2 Bd7 8.O-O Be7
9.Nxc6 Bxc6 10.a4 O-O 11.Qe2 a6 12.Be3 Qa5 13.Rfd1 Rac8 14.Qd2 Kh8 15.h3 Nd7
16.Nd5 Qxd2 17.Rxd2 Bxd5 18.exd5 e5 19.a5 f5 20.Ra4 Bd8 21.Re2 Nc5 22.Ra3  1/2-1/2

[Event "JUG-ch sf"]
[Site "Nis"]
[Date "1995.??.??"]
[Round "?"]
[White "Markovic, Zoran S"]
[Black "Brajovic, Radovan"]
[Result "1-0"]
[WhiteElo "2390"]
[BlackElo "2340"]

1.e4 c5 2.Nf3 e6 3.d4 cxd4 4.Nxd4 Nc6 5.Nc3 Qc7 6.Be2 a6 7.O-O Nf6 8.Kh1 Nxd4
9.Qxd4 Bc5 10.Qd3 b5 11.f4 h5 12.e5 Ng4 13.Qh3 Nh6 14.Qxh5 Bb7 15.Bf3 O-O-O
16.Bxb7+ Qxb7 17.Qf3 Nf5 18.h3 Qxf3 19.Rxf3 Nd4 20.Rd3 Nxc2 21.Ne4 Nxa1 22.Nxc5 Nc2
23.Rc3 Nb4 24.Nxe6+ Nc6 25.Nxd8 Kxd8 26.Be3 f6 27.exf6 gxf6 28.Kg1 Ke7 29.g4 Ke6
30.Kg2 b4 31.Rc2 a5 32.Kg3 Rb8 33.Re2 Kf7 34.Rd2 Rb7 35.h4 a4 36.h5 Na5 37.Rd5  1-0

[Event "JUG-ch sf"]
[Site "Nis"]
[Date "1995.??.??"]
[Round "?"]
[White "Pikula, Dejan"]
[Black "Brajovic, Radovan"]
[Result "1/2-1/2"]
[WhiteElo "2450"]
[BlackElo "2340"]

1.e4 c5 2.Nf3 e6 3.d4 cxd4 4.Nxd4 Nc6 5.Nc3 Qc7 6.Be3 a6 7.f4 b5 8.a3 Bb7
9.Be2 Rc8 10.O-O Bc5 11.Qd2 Qb6 12.Rad1 Nge7 13.e5 O-O 14.Bf3 Rfd8 15.Nce2 a5
16.c3 a4 17.Nc2 Na5 18.Bxb7 Bxe3+ 19.Nxe3 Nc4 20.Qd4 Qxb7 21.Nxc4 bxc4 22.Rd2 d5
23.Qf2 Nc6 24.Rfd1 Qd7 25.Nd4 Nxd4 26.Rxd4 Rb8 27.R1d2 Qe7 28.h4 g6 29.Kh2 Rb5
30.Re2 Rdb8 31.Rdd2  1/2-1/2

[Event "JUG-ch sf"]
[Site "Nis"]
[Date "1995.??.??"]
[Round "?"]
[White "Todorovic, Goran M"]
[Black "Vratonjic, Slobodan"]
[Result "0-1"]
[WhiteElo "2470"]
[BlackElo "2430"]

1.e4 c5 2.Nf3 e6 3.d4 cxd4 4.Nxd4 Nc6 5.Nc3 Qc7 6.Be2 Nf6 7.O-O Be7 8.Ndb5 Qb8
9.a4 O-O 10.Be3 d6 11.f4 Rd8 12.Qe1 d5 13.e5 Nd7 14.Qg3 a6 15.Nd4 Bc5 16.Nxc6 Bxe3+
17.Qxe3 bxc6 18.Qf3 f5 19.exf6 Nxf6 20.Qd3 a5 21.b3 Re8 22.Qd4 Qa7 23.Qxa7 Rxa7
24.Bd3 e5 25.fxe5 Rxe5 26.Rfe1 Rae7 27.Rxe5 Rxe5 28.h3 Kf7 29.Kf2 Ke6 30.Ne2 Kd6
31.Rf1 Kc5 32.Ke1 Rg5 33.Rf2 h5 34.Kd2 Re5 35.Nf4 Kd6 36.Ng6 Re8 37.Nh4 c5
38.Rf1 c4 39.Bg6 Re5 40.Nf3 Re7 41.bxc4 dxc4 42.Nd4 Re5 43.Nf3 Rd5+ 44.Kc3 Kc5
45.Rb1 Bd7 46.Re1 Bf5 47.Bxf5 Rxf5 48.Kd2 Rd5+ 49.Kc3 Rd7 50.Re5+ Nd5+ 51.Kb2 Kb4
52.Re4 Nb6 53.c3+ Kc5 54.Kc2 Nxa4 55.Rxc4+ Kxc4 56.Ne5+ Kd5 57.Nxd7 Nc5 58.Nb6+ Ke4
59.Kd2 Kf4 60.Ke2 Kg3 61.Kf1 a4 62.Nxa4 Nxa4 63.c4 Nc5 64.Kg1 Ne4 65.Kh1  0-1

[Event "JUG-ch sf"]
[Site "Nis"]
[Date "1995.??.??"]
[Round "?"]
[White "Vratonjic, Slobodan"]
[Black "Antic, Dejan"]
[Result "0-1"]
[WhiteElo "2430"]
[BlackElo "2375"]

1.e4 c5 2.Nf3 e6 3.d4 cxd4 4.Nxd4 Nc6 5.Nc3 a6 6.Be3 Nf6 7.Bd3 Qc7 8.O-O Ne5
9.h3 Bc5 10.Kh1 d6 11.f4 Ng6 12.a3 O-O 13.Qe1 b5 14.b4 Bb6 15.a4 bxa4 16.Nxa4 Ba7
17.Nc3 Bb7 18.f5 exf5 19.Rxf5 Rfe8 20.Rxf6 gxf6 21.Nf5 Bxe3 22.Nxe3 f5 23.Nxf5 d5
24.Ng3 Rac8 25.Ra3 Qe5  0-1

[Event "JUG-chT"]
[Site "Nis"]
[Date "1995.??.??"]
[Round "?"]
[White "Kulak, Dejan"]
[Black "Antic, Dejan"]
[Result "0-1"]
[WhiteElo "2265"]
[BlackElo "2375"]

1.e4 c5 2.Nf3 e6 3.d4 cxd4 4.Nxd4 Nc6 5.Nc3 a6 6.g3 Qc7 7.Bg2 Nf6 8.O-O Bc5
9.Nb3 Ba7 10.Bg5 d6 11.Kh1 Ne5 12.Nd4 Bd7 13.Nce2 h6 14.Bxf6 gxf6 15.b3 h5
16.h3 Qc5 17.Qd2 Rc8 18.Rad1 Nc6 19.Nxc6 Rxc6 20.c4 Ke7 21.f4 Rd8 22.Rf3 b5
23.f5 bxc4 24.fxe6 Bxe6 25.bxc4 Qg5 26.Nf4 Rxc4 27.Rd3 Bc5 28.h4 Qe5 29.Nd5+ Bxd5
30.exd5 Bb4 31.Qf2 Kf8 32.Rf3 Bc5 33.Qf1 Rc3 34.Rdd3 Rxd3 35.Qxd3 Re8 36.Kh2 Qb2
37.Rf1 Re2 38.Qf3 Qxa2 39.Kh3 Qb2 40.Qxf6 Qxf6 41.Rxf6 a5 42.Rf4 Kg7 43.Bf3 Re5
44.g4 hxg4+ 45.Kxg4 Re1 46.Kf5 Rf1 47.h5 Be3 48.Rg4+ Kh6 49.Rg3 a4 50.Ke4 Bg5
51.Be2 Re1  0-1

[Event "JUG-chT"]
[Site "Nis"]
[Date "1995.??.??"]
[Round "?"]
[White "Marjanovic, Slavoljub"]
[Black "Ribac, Dragoljub"]
[Result "1-0"]
[WhiteElo "2425"]
[BlackElo "2200"]

1.e4 c5 2.Nf3 e6 3.d4 cxd4 4.Nxd4 Nc6 5.Nc3 Qc7 6.Be2 a6 7.O-O Nf6 8.Be3 Bb4
9.Na4 O-O 10.Nxc6 bxc6 11.Nb6 Rb8 12.Nxc8 Qxc8 13.Ba7 Ra8 14.Bd4 Be7 15.e5 Nd5
16.c4 Nf4 17.Bf3 Qc7 18.Re1 f5 19.Qd2 Ng6 20.Rad1 Rfd8 21.g3 Rab8 22.Bc3 Bc5
23.b4 Ba7 24.a4 Rbc8 25.Kg2 Nf8 26.a5 Re8 27.Be2 Ra8 28.c5 Bb8 29.Bc4 Qc8
30.h4 Re7 31.h5 h6 32.f4 Kh8 33.Rh1 Bc7 34.Kf2 Rf7 35.Ke3 Nh7 36.Kd3 Qb7
37.Kc2 Nf8 38.Rh2 Nh7 39.Qe2 Qc8 40.Rg2 Bd8 41.Qd3 Nf8 42.g4 fxg4 43.Rxg4 Bc7
44.Rdg1 Nh7 45.Kb3 Qb7 46.Qg6 Re7 47.Bd3 Nf8 48.Qxh6+  1-0

[Event "NLD-ch"]
[Site "?"]
[Date "1995.??.??"]
[Round "3"]
[White "Riemersma, Liafbern"]
[Black "Brenninkmeijer, Joris"]
[Result "1/2-1/2"]
[WhiteElo "2430"]
[BlackElo "2490"]

1.e4 c5 2.Nf3 e6 3.d4 cxd4 4.Nxd4 Nc6 5.Nc3 Qc7 6.Be3 a6 7.Bd3 Nf6 8.O-O b5
9.Kh1 Bb7 10.a3 d6 11.f4 Be7 12.Qf3 Nd7 13.Rae1 O-O 14.Qh3 Nc5 15.Nxc6 Bxc6
16.Bxc5 dxc5 17.Nd5 Qd8 18.f5 exf5 19.exf5 Qxd5 20.Rxe7 c4 21.Be4 Qd6 22.f6 Bxe4
23.Rxe4 Rfe8 24.Qg4 g6 25.h3 Rxe4 26.Qxe4 Rd8 27.c3 h5 28.a4 Qd3 29.Qf4 Qd2
30.Qc7 Qd6 31.Qa5 bxa4 32.Qxa4 Qe6 33.Qa5 Rd2 34.Qg5 Qd5 35.Qxd5 Rxd5 36.Rf4 Rc5
37.Rd4 g5 38.g4 hxg4 39.hxg4 Kh7 40.Rd6 a5 41.Rb6  1/2-1/2

[Event "NLD-ch"]
[Site "?"]
[Date "1995.??.??"]
[Round "6"]
[White "Van der Wiel, John TH"]
[Black "Brenninkmeijer, Joris"]
[Result "1/2-1/2"]
[WhiteElo "2570"]
[BlackElo "2490"]

1.e4 c5 2.Nf3 e6 3.d4 cxd4 4.Nxd4 Nc6 5.Nc3 Qc7 6.Be2 a6 7.O-O Nf6 8.Kh1 Nxd4
9.Qxd4 Bc5 10.Qd3 h5 11.f4 Ng4 12.e5 d6 13.exd6 Qxd6 14.Qxd6 Bxd6 15.Ne4 Be7
16.h3 Nf6 17.Bf3 Nxe4 18.Bxe4 Bc5 19.b3 f6 20.Bb2 Ra7 21.b4 Bxb4 22.Bd4 Ra8
23.Rab1 Bd6 24.Bxb7 Bxb7 25.Rxb7 O-O 26.Rb6 Rfd8  1/2-1/2

[Event "NLD-ch"]
[Site "?"]
[Date "1995.??.??"]
[Round "8"]
[White "Wiersma, Eelke"]
[Black "Brenninkmeijer, Joris"]
[Result "1/2-1/2"]
[WhiteElo "2180"]
[BlackElo "2490"]

1.e4 c5 2.Nf3 e6 3.d4 cxd4 4.Nxd4 Nc6 5.Nc3 Qc7 6.Be3 a6 7.Bd3 b5 8.O-O Bb7
9.Kh1 b4 10.Na4 Nxd4 11.Bxd4 Nf6 12.Nb6 Rb8 13.e5 Ne4 14.Nc4 h5 15.Qe2 Nc5
16.Bxc5 Qxc5 17.Be4 Bxe4 18.Qxe4 d5 19.exd6 Bxd6 20.Nxd6+ Qxd6 21.Qe2 h4
22.Rad1 Qc6 23.h3 Qb5 24.Qg4 g6 25.Rfe1 Qc6 26.Rd4 a5 27.Qg5 Rh5 28.Qf6 Qxc2
29.Rxe6+ fxe6 30.Qxe6+ Kf8 31.Qd6+ Kg7 32.Qxb8 Qb1+ 33.Kh2 Qf5 34.Rf4 Qe5
35.Qf8+ Kh7 36.Kh1 Qe1+ 37.Kh2 Qe5 38.Qf7+ Kh6 39.Kh1 Qe1+ 40.Kh2 Qe5 41.Qf8+ Kh7  1/2-1/2

[Event "NLD-ch"]
[Site "?"]
[Date "1995.??.??"]
[Round "10"]
[White "Nijboer, Friso"]
[Black "Riemersma, Liafbern"]
[Result "1-0"]
[WhiteElo "2510"]
[BlackElo "2430"]

1.e4 c5 2.Nf3 e6 3.d4 cxd4 4.Nxd4 Nc6 5.Nc3 Qc7 6.Be2 a6 7.O-O d6 8.f4 Nf6
9.Kh1 Be7 10.Nxc6 bxc6 11.Bf3 O-O 12.Na4 Rb8 13.c4 Nd7 14.Be3 c5 15.b3 Bf6
16.Rc1 Bb7 17.Qd3 Rbd8 18.Rcd1 Nb8 19.Qe2 e5 20.f5 Nc6 21.Nc3 Nd4 22.Qd2 h6
23.g3 Qe7 24.h4 Rb8 25.Kg2 a5 26.Rh1 h5 27.Rdf1 g6 28.g4 hxg4 29.Bxg4 Kh7
30.Bg5 Rg8 31.fxg6+ Rxg6 32.Bf5 Nxf5 33.Rxf5 Bxg5 34.hxg5+ Kg7 35.Rhf1 Rf8
36.Nd5 Bxd5 37.cxd5 Kg8 38.Qe3 a4 39.bxa4 Qa7 40.Rh1 f6 41.Qh3 Qg7 42.Rb1 Rxg5+
43.Rxg5 Qxg5+ 44.Kh1 Rf7 45.Rb8+ Rf8 46.Rb1 Rf7 47.a5 Qd2 48.Rg1+ Rg7 49.Rxg7+ Kxg7
50.Qg2+ Qxg2+ 51.Kxg2 c4 52.Kf2 c3 53.Ke2  1-0

[Event "NLD-chT9596"]
[Site "?"]
[Date "1995.??.??"]
[Round "?"]
[White "Nijboer, Friso"]
[Black "Riemersma, Liafbern"]
[Result "1-0"]
[WhiteElo "2510"]
[BlackElo "2435"]

1.e4 c5 2.Nf3 e6 3.d4 cxd4 4.Nxd4 Nc6 5.Nc3 d6 6.Be3 Nf6 7.Bc4 Be7 8.Qe2 O-O
9.O-O-O a6 10.g4 Nxd4 11.Bxd4 b5 12.Bb3 Bb7 13.a3 d5 14.g5 Nd7 15.exd5 Bxg5+
16.Kb1 e5 17.Be3 Rc8 18.Bxg5 Qxg5 19.Rhg1 Qh6 20.Ne4 Rcd8 21.Rg5 Qxh2 22.Rh5 Qf4
23.Rdh1 Nf6 24.Nxf6+ Qxf6 25.Rxh7 g6 26.Qe3 Qf4 27.Rh8+ Kg7 28.R1h7+ Kf6
29.Rxf8 Rxf8 30.Qb6+  1-0

[Event "NLD-chT9596"]
[Site "?"]
[Date "1995.??.??"]
[Round "?"]
[White "Leuw, Mi"]
[Black "Maes, Wim"]
[Result "0-1"]
[WhiteElo "2255"]
[BlackElo "2170"]

1.e4 c5 2.Nf3 e6 3.d4 cxd4 4.Nxd4 Nc6 5.Nc3 Qc7 6.Be2 a6 7.a4 Nf6 8.O-O Bb4
9.Qd3 Bd6 10.Ndb5 Bxh2+ 11.Kh1 axb5 12.Nxb5 Qd8 13.Kxh2 d5 14.Qg3 O-O 15.Bh6 Ne8
16.exd5 exd5 17.Rh1 Bf5 18.Be3 Nf6 19.c4 d4 20.Rhd1 d3 21.Nd6 Bg6 22.Bf3 Qd7
23.Bc5 Rfd8 24.b4 Rab8 25.b5 Ne7 26.a5 Nf5 27.Nxf5 Qxf5 28.Bd6 Rbc8 29.a6 bxa6
30.bxa6 Ne4 31.Bxe4 Qxe4 32.c5 Qc6 33.a7 Ra8 34.Qf4 Re8 35.Qb4 Qd5 36.Kg1 h6
37.f3 Re2 38.Rd2 Rxd2 39.Qxd2 Qd4+  0-1

[Event "NLD-chT9596"]
[Site "?"]
[Date "1995.??.??"]
[Round "?"]
[White "Cuijpers, Frans Andre"]
[Black "Langeweg, Kick"]
[Result "0-1"]
[WhiteElo "2435"]
[BlackElo "2385"]

1.e4 c5 2.Nf3 e6 3.Nc3 Nc6 4.d4 cxd4 5.Nxd4 a6 6.f4 Qc7 7.Be3 b5 8.Be2 Bb7
9.O-O Rc8 10.Kh1 Nxd4 11.Qxd4 Nf6 12.Bf3 Bc5 13.Qxc5 Qxc5 14.Bxc5 Rxc5 15.e5 Bxf3
16.Rxf3 Nd5 17.Nxd5 Rxd5 18.Ra3 Ke7 19.Rxa6 Rc8 20.c3 Rd2 21.Rb1 b4 22.cxb4 Rxb2
23.Rd1 Rxb4 24.Rad6 Rxf4 25.Rxd7+ Kf8 26.Ra7 g5 27.Kg1 Rc5 28.Re1 Rf5 29.a4 Rcxe5
30.Rxe5 Rxe5 31.Kf2 Kg7 32.g4 Re4 33.h3 h5 34.gxh5 Rh4 35.Kg3 Rxh5 36.Kg4 Kg6
37.Kg3 Rh4 38.Ra6 Rb4 39.Kg2 Kf5 40.Ra8 Kf4 41.a5 e5 42.a6 Ra4 43.Kf2 Ra2+
44.Ke1 e4 45.Kd1 f5 46.a7 e3  0-1

[Event "JUG-ch"]
[Site "Novi Sad"]
[Date "1995.??.??"]
[Round "?"]
[White "Velimirovic, Dragoljub"]
[Black "Abramovic, Bosko"]
[Result "1-0"]
[WhiteElo "2520"]
[BlackElo "2520"]

1.e4 c5 2.Nf3 e6 3.d4 cxd4 4.Nxd4 Nc6 5.Nc3 a6 6.Be2 Qc7 7.O-O Nf6 8.Kh1 Be7
9.f4 d6 10.a4 O-O 11.Be3 Rd8 12.Bd3 Nb4 13.a5 Bd7 14.Nf3 Rdc8 15.e5 Nxd3
16.Qxd3 Ne8 17.Bb6 Qc4 18.Qe3 Bb5 19.Rfd1 Qb4 20.f5 Qg4 21.exd6 Nxd6 22.fxe6 Qxe6
23.Qxe6 fxe6 24.Re1 Bc4 25.Rad1 Nf5 26.Ne5 Bb5 27.Nxb5 axb5 28.c3 b4 29.c4 b3
30.g4 Nh6 31.Rd7 Bb4 32.Red1 g6 33.Rxb7 Bxa5 34.Be3 Rc7 35.Rd7 Rxb7 36.Rxb7  1-0

[Event "JUG-ch"]
[Site "Novi Sad"]
[Date "1995.??.??"]
[Round "?"]
[White "Matulovic, Milan"]
[Black "Tosic, Miroslav"]
[Result "1/2-1/2"]
[WhiteElo "2445"]
[BlackElo "2420"]

1.e4 c5 2.Nf3 e6 3.d4 cxd4 4.Nxd4 Nc6 5.Nc3 d6 6.g3 Nf6 7.Bg2 Bd7 8.O-O Be7
9.Ndb5 Qb8 10.Bg5 a6 11.Bxf6 gxf6 12.Nd4 Qa7 13.Nce2 O-O 14.c3 Kh8 15.Kh1 Ne5
16.b3 Rg8 17.Qd2 Rac8 18.Rac1 Bf8 19.h3 b5 20.Kh2 Be8 21.f4 Nd7 22.Nc2 Nb6
23.Ne3 Bc6 24.Nd4 Ba8 25.Ng4 Bg7 26.f5 e5 27.Nc2 Rgd8 28.Nce3 h5 29.Nf2 Bh6
30.Qe2 Kg7 31.Rc2 h4 32.gxh4 Na4 33.Ned1 Bf4+ 34.Kh1 Nc5 35.Bf3 Kf8 36.Nd3 Nxd3
37.Qxd3 Qc5 38.c4 b4 39.Rg2 Ke7 40.Rfg1 Rh8 41.h5 a5 42.Re1 Rcg8 43.Bg4  1/2-1/2

[Event "JUG-ch"]
[Site "Novi Sad"]
[Date "1995.??.??"]
[Round "?"]
[White "Popovic, Petar"]
[Black "Tosic, Miroslav"]
[Result "1-0"]
[WhiteElo "2545"]
[BlackElo "2420"]

1.e4 c5 2.Nf3 e6 3.d4 cxd4 4.Nxd4 Nc6 5.Nc3 d6 6.g3 Nf6 7.Bg2 Bd7 8.O-O Be7
9.Nb3 a6 10.a4 O-O 11.f4 Be8 12.Be3 Rc8 13.a5 Nd7 14.Na4 Qc7 15.Qd2 Qb8 16.Rfd1 Kh8
17.g4 g5 18.fxg5 Nce5 19.Bd4 Qc7 20.Nb6 Rd8 21.h3 Rg8 22.Be3 Nf8 23.Nd4 Nfg6
24.Ra3 Nh4 25.Rc3 Bc6 26.Bh1 Qb8 27.Qf2 Nhg6 28.Bg2 Rdf8 29.Qg3 Re8 30.h4 Nf8
31.Nf3 Nfg6 32.Bd4 f6 33.h5 Nf8 34.gxf6 Bxf6 35.Nxe5 dxe5 36.Be3 Qc7 37.Nc4 Qg7
38.Rf1 Nd7 39.Nd6 Ref8 40.g5 Bxg5 41.Bxg5 Rxf1+ 42.Bxf1 Qf8 43.Nc4 Qg7 44.Nd6 Qf8
45.h6 Qxd6 46.Rd3 Qc5+ 47.Kh2 Rg6 48.Bg2 Kg8 49.Qh4 Qxc2 50.Rd2 Qc5 51.Rf2 Qd4
52.Be3 Qb4 53.Bd2 Qc5 54.b4 Qxf2 55.Qxf2 Nf6 56.Qb6 Ng4+ 57.Kg1 Nxh6 58.Qd8+ Kg7
59.Bxh6+ Kxh6 60.Qf8+ Kg5 61.Kh2 Rh6+ 62.Kg3 Rg6 63.Qh8 Kh6+ 64.Kh3 Rg7 65.Qf8 Kg6
66.Bf3 h6 67.Kh4 Bd7 68.Qh8  1-0

[Event "Novorossijsk"]
[Site "Novorossijsk"]
[Date "1995.??.??"]
[Round "?"]
[White "Beshukov, Sergei"]
[Black "Tregubov, Pavel V"]
[Result "1/2-1/2"]
[WhiteElo "2500"]
[BlackElo "2490"]

1.e4 c5 2.Nf3 e6 3.d4 cxd4 4.Nxd4 Nc6 5.Nc3 Qc7 6.Be2 a6 7.O-O Nf6 8.Kh1 Nxd4
9.Qxd4 Bc5 10.Qd3 h5 11.f4 Ng4 12.e5 d5 13.exd6 Qxd6 14.Qxd6 Bxd6  1/2-1/2

[Event "Novorossijsk"]
[Site "Novorossijsk"]
[Date "1995.??.??"]
[Round "?"]
[White "Poluljahov, Aleksandr"]
[Black "Tregubov, Pavel V"]
[Result "1/2-1/2"]
[WhiteElo "2460"]
[BlackElo "2490"]

1.e4 c5 2.Nf3 Nc6 3.d4 cxd4 4.Nxd4 e6 5.Nc3 Qc7 6.g3 a6 7.Bg2 d6 8.O-O Bd7
9.Re1 Be7 10.Nxc6 Bxc6 11.a4 Nf6 12.Be3 O-O 13.a5  1/2-1/2

[Event "Novosibirsk"]
[Site "Novosibirsk"]
[Date "1995.??.??"]
[Round "5"]
[White "Svidler, Peter"]
[Black "Smirin, Ilia"]
[Result "1/2-1/2"]
[WhiteElo "2635"]
[BlackElo "2630"]

1.e4 c5 2.Nf3 Nc6 3.d4 cxd4 4.Nxd4 e6 5.Nc3 a6 6.Be2 Qc7 7.O-O Nf6 8.Kh1 Be7
9.f4 d6 10.Be3 O-O 11.Qe1 Nxd4 12.Bxd4 b5 13.a3 Bb7 14.Qg3 Bc6 15.Rae1 Qb7
16.Bd3 Rad8 17.Nd1 g6 18.Nf2 Nh5 19.Qe3 f5 20.Kg1 Bf6 21.Bxf6  1/2-1/2

[Event "Noyabrsk"]
[Site "Noyabrsk"]
[Date "1995.??.??"]
[Round "4"]
[White "Onoprienko, Vladimir"]
[Black "Fominyh, Alexander"]
[Result "1/2-1/2"]
[WhiteElo "2350"]
[BlackElo "2520"]

1.e4 c5 2.Nf3 Nc6 3.d4 cxd4 4.Nxd4 e6 5.Nc3 Qc7 6.Be3 a6 7.Be2 b5 8.Nxc6 Qxc6
9.Bf3 Bb7 10.O-O Qc7 11.Re1 Bd6 12.g3 Ne7 13.Bg2 O-O 14.Qd3 Be5 15.Rad1 b4
16.f4 bxc3 17.fxe5 cxb2 18.Qd6 Qxd6 19.exd6 Ng6 20.Rb1 f5 21.exf5 Bxg2 22.fxg6 Bd5
23.gxh7+ Kxh7 24.Rxb2 Rac8 25.Bd4 Rc4 26.c3 Ra4 27.Ree2 Bc4 28.Rf2  1/2-1/2